Calculus : (Record no. 88040)

MARC details
000 -LEADER
fixed length control field 00551nam a2200169Ia 4500
005 - DATE AND TIME OF LATEST TRANSACTION
control field 20140915112103.0
010 ## - LCCN (DPL NO)
LC control number BAC-EN21
020 ## - INTERNATIONAL STANDARD BOOK NUMBER
International Standard Book Number 9788126515202
Terms of availability 579.00
037 ## - SOURCE OF ACQUISITION
Source of stock number/acquisition Asian Book Centre/Ven
100 ## - MAIN ENTRY--PERSONAL NAME
Personal name Apostol, Tom M.
245 ## - TITLE STATEMENT
Title Calculus :
Remainder of title multi-variable calculus and linear algebra, with applications to differential equations and probability /
Statement of responsibility, etc by Tom M. Apostol
250 ## - EDITION STATEMENT
Edition statement 2nd ed
260 ## - PUBLICATION, DISTRIBUTION, ETC. (IMPRINT)
Date of publication, distribution, etc 2014
Place of publication, distribution, etc New Delhi
Name of publisher, distributor, etc Wiley India
300 ## - PHYSICAL DESCRIPTION
Dimensions 22cm(pbk)
Extent v.II (673p.):
Other physical details ill.
942 ## - ADDED ENTRY ELEMENTS (KOHA)
Item type English Books
Source of classification or shelving scheme Dewey Decimal Classification

No items available.


© Delhi Public Library
Hit Counter
free hit counter